Πανόραμα των σύγχρονων ιδεών : τα μεγάλα πνευματικά ρεύματα του αιώνος μας
Αποθηκεύτηκε σε:
| Κύριος συγγραφέας: | |
|---|---|
| Άλλοι συγγραφείς: | |
| Μορφή: | Βιβλίο |
| Γλώσσα: | Greek French |
| Δημοσίευση: |
Αθήναι :
"Δ. Βογιατζή",
1958.
|
| Θέματα: | |
| Ετικέτες: |
Προσθήκη ετικέτας
Δεν υπάρχουν, Καταχωρήστε ετικέτα πρώτοι!
|
MARC
| LEADER | 00000cam a2200000 a 4500 | ||
|---|---|---|---|
| 001 | 1/107360 | ||
| 008 | 150710s1958####gr | ||| |||| ||gre|| | ||
| 040 | |a GR-MyUa |b gre |c GR-MyUa |e AACR2 | ||
| 041 | 1 | |a gre |h fre | |
| 082 | 7 | |a 190 |2 (23) | |
| 100 | 1 | |a Picon, Gaetan, |d 1915-1976. | |
| 245 | 1 | 0 | |a Πανόραμα των σύγχρονων ιδεών : |b τα μεγάλα πνευματικά ρεύματα του αιώνος μας / |c υπό την διεύθυνσιν του Gaetan Picon ; μετάφρασις-σημειώσεις Κώστα Π. Καλλιγά. |
| 260 | |a Αθήναι : |b "Δ. Βογιατζή", |c 1958. | ||
| 300 | |a 2τ. (625, 656 σ.) : |b εικ. ; |c 25 εκ. | ||
| 500 | |a Η μετάφραση γίνεται από την 32αν έκδοσιν του έργου " Panorama des idees contemporaines". Έκδοσις GALLIMARD, Paris 1957. | ||
| 500 | |a Τίτλος πρωτοτύπου: Panorama des idees contemporaines. | ||
| 505 | 8 | |a τ. 1. Φιλοσοφικές ιδέες - Σύγχρονη ψυχολογία - Φιλοσοφία της ιστορίας - Πολιτικά προβλήματα - Η θρησκευτική σκέψις -- τ. 2. Οι κοινωνικές επιστήμες - Μορφές της σύγχρονης τέχνης - Μαθηματικές και φυσικές επιστήμες - Η σύγχρονη βιολογία - Ο σύγχρονος Ουμανισμός. | |
| 650 | 0 | |a Encyclopedias and dictionaries, French. | |
| 650 | 0 | |a Twentieth century. | |
| 650 | 0 | |a Philosophy, Modern. | |
| 700 | 1 | |a Καλλιγάς, Κωνσταντίνος Π. |e trl | |
| 852 | |a INST |b SAMOS |c MAG |e 20150710 |h 190 PIC |p 005300035133 |q 005300035133 |t BK |v τομ.1: |y 0 | ||
| 852 | |a INST |b SAMOS |c MAG |e 20150710 |h 190 PIC |p 005300035134 |q 005300035134 |t BK |v τομ.2: |y 0 | ||
| 853 | |a INST |b SAMOS |c MAG |h 190 PIC | ||
| 970 | |a Σιτζίμη |b Γιασεμή |z 10/07/2015 | ||